北大合格者数10人以上の高校(2025年) - Statistics

General Stats
  • This quiz has been taken 8 times
  • The average score is 32 of 49
Answer Stats
人数 所在地 学校名 % Correct
97 北海道 札幌北
100%
76 北海道 札幌西
100%
70 北海道 札幌南
100%
58 北海道 札幌東
100%
44 北海道 旭川東
100%
20 北海道 苫小牧東
100%
12 富山 富山中部
100%
10 神奈川 横浜翠嵐
100%
19 東京 西
86%
15 北海道 北広島
86%
15 北海道 札幌月寒
86%
13 静岡 浜松北
86%
13 兵庫 神戸
86%
12 埼玉 浦和
86%
12 岐阜 岐阜
86%
11 茨城 水戸第一
86%
10 北海道 釧路湖陵
86%
10 栃木 宇都宮
86%
40 北海道 札幌旭丘
71%
22 北海道 帯広柏葉
71%
21 北海道 室蘭栄
71%
21 石川 金沢泉丘
71%
15 北海道 札幌国際情報
71%
14 北海道 小樽潮陵
71%
13 愛知 旭丘
71%
11 奈良 西大和学園
71%
10 北海道 岩見沢東
71%
10 千葉 船橋
71%
33 北海道 札幌第一
57%
15 東京 青山
57%
14 北海道 函館中部
57%
14 北海道 札幌光星
57%
13 三重 四日市
57%
12 埼玉 川越
57%
11 北海道 札幌手稲
57%
11 神奈川 湘南
57%
16 北海道 立命館慶祥
43%
15 北海道 札幌開成
43%
13 神奈川 浅野
43%
12 愛知 名古屋
43%
11 東京 国立
43%
11 愛知 時習館
43%
13 東京 桐朋
29%
12 東京 駒場東邦
29%
13 兵庫 須磨学園
14%
11 北海道 札幌日本大学
14%
10 神奈川 柏陽
14%
14 北海道 札幌啓成
0%
11 東京 東京都市大学付属
0%
No matching quizzes found
Score Distribution
Percent of People with Each Score
Percentile by Number Answered
Your Score History
You have not taken this quiz